00516 2200181 4500001002100000005001500021035002000036008004100056245005600097100001700153260004800170300002700218084001800245082000800263650002100271020002200292990002000314INLIS00000000000794620260430025329 a0010-0426000134260430 0 ind 1 aBen-Hur :bKisah Tentang Sang Mesias /cLew Wallace aWallace, Lew aJakarta :bPT Gramedia Pustaka Utama,c2014 a688 hlm. ;c20 x 13 cm a813 WAL B C.1 a813 4asastra indonesia a978-602-03-0935-4 a260311200011286